<?xml version="1.0" encoding="UTF-8"?>
<record
    xmlns:xsi="http://www.w3.org/2001/XMLSchema-instance"
    xsi:schemaLocation="http://www.loc.gov/MARC21/slim http://www.loc.gov/standards/marcxml/schema/MARC21slim.xsd"
    xmlns="http://www.loc.gov/MARC21/slim">

  <leader>01940naa a2200277 i 4500</leader>
  <controlfield tag="001">5892</controlfield>
  <controlfield tag="003">KOSZ 005</controlfield>
  <controlfield tag="005">20180430130939.0</controlfield>
  <controlfield tag="008">140522s2002    pl     f     |100 0 pol</controlfield>
  <datafield tag="040" ind1=" " ind2=" ">
    <subfield code="c">BPK</subfield>
    <subfield code="d">KOSZ 005/HR</subfield>
  </datafield>
  <datafield tag="041" ind1=" " ind2=" ">
    <subfield code="a">pol</subfield>
    <subfield code="b">eng</subfield>
  </datafield>
  <datafield tag="080" ind1=" " ind2=" ">
    <subfield code="a">533.5</subfield>
  </datafield>
  <datafield tag="100" ind1="1" ind2=" ">
    <subfield code="a">MY&#x15A;LI&#x143;SKI, Piotr.</subfield>
    <subfield code="d">1996 - .</subfield>
    <subfield code="b">Politechnika Koszali&#x144;ska - Wydzia&#x142; Mechaniczny,</subfield>
    <subfield code="c">&#x15A;rodowiskowe Laboratorium Techniki Pr&#xF3;&#x17C;niowej</subfield>
  </datafield>
  <datafield tag="245" ind1=" " ind2=" ">
    <subfield code="a">Termiczna metoda bada&#x144; relaksacji napr&#x119;&#x17C;e&#x144; w&#x142;asnych w warstwach adhezyjnych /</subfield>
    <subfield code="c">Piotr My&#x15B;li&#x144;ski, Witold Precht, Pawe&#x142; Kamasa, Andrzej W&#x105;sik.</subfield>
  </datafield>
  <datafield tag="246" ind1="3" ind2="1">
    <subfield code="a">Thermal method of the investigation of residual stresses in adhesive layers</subfield>
  </datafield>
  <datafield tag="500" ind1=" " ind2=" ">
    <subfield code="a">Dane z autopsji.</subfield>
  </datafield>
  <datafield tag="520" ind1=" " ind2=" ">
    <subfield code="a">Artyku&#x142; zawiera opis wdra&#x17C;anej w Politechnice Koszali&#x144;skiej metody bada&#x144; relaksacji napr&#x119;&#x17C;e&#x144; w&#x142;asnych w anty&#x15B;ciernych warstwach cienkich osadzanych pr&#xF3;&#x17C;niowo-plazmowymi metodami PVD. Przedstawiony w artykule termoanalizator, projektu w&#x142;asnego, umo&#x17C;liwia jednoczesne prowadzenie termicznej analizy r&#xF3;&#x17C;nicowej DTA, dylatometrycznej DIL i termomagnetometrycznej TM, w tym r&#xF3;wnie&#x17C; z zastosowaniem modulowanych zmian temperatury badanych pr&#xF3;bek. Przedstawiono r&#xF3;wnie&#x17C; przyk&#x142;adowe rezultaty bada&#x144;.</subfield>
  </datafield>
  <datafield tag="650" ind1=" " ind2="0">
    <subfield code="a">Pow&#x142;oki ochronne.</subfield>
  </datafield>
  <datafield tag="650" ind1=" " ind2="0">
    <subfield code="a">Napr&#x119;&#x17C;enia i odkszta&#x142;cenia.</subfield>
  </datafield>
  <datafield tag="655" ind1=" " ind2="0">
    <subfield code="a">Materia&#x142;y konferencyjne.</subfield>
  </datafield>
  <datafield tag="700" ind1="1" ind2=" ">
    <subfield code="a">PRECHT, Witold.</subfield>
    <subfield code="d">1996 - 2003.</subfield>
    <subfield code="b">Politechnika Koszali&#x144;ska - Wydzia&#x142; Mechaniczny,</subfield>
    <subfield code="c">&#x15A;rodowiskowe Laboratorium Techniki Pr&#xF3;&#x17C;niowej</subfield>
  </datafield>
  <datafield tag="700" ind1="1" ind2=" ">
    <subfield code="a">W&#x104;SIK, Andrzej.</subfield>
    <subfield code="d">1998 - 2001.</subfield>
    <subfield code="b">Politechnika Koszali&#x144;ska - Wydzia&#x142; Mechaniczny,</subfield>
    <subfield code="c">&#x15A;rodowiskowe Laboratorium Techniki Pr&#xF3;&#x17C;niowej</subfield>
  </datafield>
  <datafield tag="711" ind1="2" ind2="2">
    <subfield code="a">Szko&#x142;a Letnia Mielno 2002</subfield>
    <subfield code="n">(13 ;</subfield>
    <subfield code="d">2002 ;</subfield>
    <subfield code="c">Mielno, Polska).</subfield>
  </datafield>
  <datafield tag="773" ind1=" " ind2=" ">
    <subfield code="i">W :</subfield>
    <subfield code="t">Modern Plasma Surface Technology : 13 Mi&#x119;dzynarodowa Szko&#x142;a Letnia Mielno'2002, 02-05.09.2002 / red. nauk. Witold Precht. -</subfield>
    <subfield code="g">2002, s. 155-173</subfield>
  </datafield>
  <datafield tag="942" ind1=" " ind2=" ">
    <subfield code="c">ROZ</subfield>
    <subfield code="2">UKD</subfield>
  </datafield>
  <datafield tag="999" ind1=" " ind2=" ">
    <subfield code="c">5892</subfield>
    <subfield code="d">5892</subfield>
  </datafield>
  <datafield tag="952" ind1=" " ind2=" ">
    <subfield code="0">0</subfield>
    <subfield code="1">0</subfield>
    <subfield code="4">0</subfield>
    <subfield code="7">0</subfield>
    <subfield code="a">BPK</subfield>
    <subfield code="b">BPK</subfield>
    <subfield code="o">64610</subfield>
    <subfield code="y">ROZ</subfield>
  </datafield>
</record>
